00596nam a22001937a 4500003000400000005001700004008004100021020002100062040002900083050002300112100002900135245006500164250001200229260005300241300001000294650006600304942001500370999001700385OSt20250814123643.0250814b |||||||| |||| 00| 0 eng d a13;9780538478137 cChuka University Library aHD 58.7 .G75 2008. aGriffin, Ricky W.921399 aOrganizational behaviour: Managing people and organizations. a10th ed aMason,USAbSouth-westerncengage Learning.c2012. a586p. a1. Organizational behaviour. 2. Industrial management.921401 2lcccBKn0 c20477d20477